Statistics for USA Olympic Gymnasts

Click here to take the quiz!

General Stats

  • This quiz has been taken 75 times
    (72 since last reset)
  • The average score is 30 of 55

Answer Stats

YearGymnast% Correct
2012Gabrielle Douglas
100%
2012Alexandra Raisman
93%
2012Kyla Ross
93%
2012McKayla Maroney
93%
2008Shawn Johnson
93%
2012Jordyn Wieber
88%
2008Nastia Liukin
85%
2004Carly Patterson
78%
1992Shannon Miller
78%
1996Shannon Miller
78%
2008Alicia Sacramone
73%
1988Brandy Johnson
71%
1984Kathy Johnson
71%
1980Kathy Johnson
71%
1992Kerri Strug
71%
1996Kerri Strug
71%
1984Mary Lou Retton
71%
1996Dominique Dawes
66%
1992Dominique Dawes
66%
2000Dominique Dawes
66%
2008Bridget Sloan
63%
1996Dominique Moceanu
63%
1992Kim Zmeskal
63%
2008Samantha Peszek
63%
1996Amanda Borden
61%
2008Chellsie Memmel
59%
2004Courtney Kupets
59%
1996Amy Chow
56%
2000Amy Chow
56%
2004Courtney McCool
54%
1996Jaycie Phelps
54%
2004Mohini Bhardwaj
54%
2000Elise Ray
51%
2000Jamie Dantzscher
51%
2004Annia Hatch
49%
2000Kristen Maloney
49%
1992Betty Okino
46%
2004Terin Humphrey
46%
2000Tasha Schwikert
44%
1980Julianna McNamara
41%
1984Julianne McNamara
41%
1992Wendy Bruce
39%
1988Phoebe Mills
32%
1984Tracee Talavera
27%
1980Tracee Talavera
27%
1988Hope Spivey
24%
1988Chelle Stack
20%
1988Kelly Garrison
17%
1984Michelle Dusserre
17%
1984Pam Bileck
17%
1988Melissa Marlowe
12%
1980Marcia Frederick
10%
1980Amy Koopman
7%
1980Beth Kline
7%
1980Luci Collins
7%

Score Distribution

Percentile by Number Answered

Percent of People with Each Score

Your Score History

You have not taken this quiz since the last reset